Al-Mawrid / (Record no. 36552)
[ view plain ]
| 000 -LEADER | |
|---|---|
| fixed length control field | 00850nam a2200205Ia 4500 |
| 001 - CONTROL NUMBER | |
| control field | 36570 |
| 008 - FIXED-LENGTH DATA ELEMENTS--GENERAL INFORMATION | |
| fixed length control field | 191115s ii a g b000 u 297 u |
| 082 ## - DEWEY DECIMAL CLASSIFICATION NUMBER | |
| Classification number | 492.7 |
| 100 ## - MAIN ENTRY--PERSONAL NAME | |
| Personal name | Baalbaki, Munir ., |
| Relator term | Author. |
| 245 #0 - TITLE STATEMENT | |
| Title | Al-Mawrid / |
| Statement of responsibility, etc. | Munir Baalbaki, Rohi Baalbaki |
| Medium | Textual Documents |
| 250 ## - EDITION STATEMENT | |
| Edition statement | 23rd ed. |
| 260 ## - PUBLICATION, DISTRIBUTION, ETC. | |
| Place of publication, distribution, etc. | Sl : : |
| Name of publisher, distributor, etc. | Dar el-Ilm Lilmalayin, |
| Date of publication, distribution, etc. | 1956. |
| -- | 2009. |
| 300 ## - PHYSICAL DESCRIPTION | |
| Extent | Vol i a modern-English arabic dictionary(1-1429p) by Munir Baalbaki and Ramzi Munir Baalbaki: |
| Other physical details | ill ; ; |
| Dimensions | 25cm. |
| Extent | Vol II a modern arabic english dictionary by Rohi Baalbaki(1-1205p): |
| Dimensions | 25cm. |
| 500 ## - GENERAL NOTE | |
| General note | Acc no-960/cu is by Rohi Baalbaki and Acc no 959/cu is by Munir Baalbaki |
| 653 ## - INDEX TERM--UNCONTROLLED | |
| Uncontrolled term | Arabic |
| 653 ## - INDEX TERM--UNCONTROLLED | |
| Uncontrolled term | Modern-English arabic dictionary, Dictionary, Arabic-English dictionary |
| 653 ## - INDEX TERM--UNCONTROLLED | |
| Uncontrolled term | PG-Arabic |
| 700 ## - ADDED ENTRY--PERSONAL NAME | |
| Personal name | Baalbaki, Rohi, |
| Relator term | Author. |
| 942 ## - ADDED ENTRY ELEMENTS (KOHA) | |
| Source of classification or shelving scheme | Dewey Decimal Classification |
| Koha item type | Books |
| Withdrawn status | Lost status | Damaged status | Not for loan | Collection | Home library | Current library | Shelving location | Date acquired | Coded location qualifier | Total checkouts | Full call number | Barcode | Date last seen | Copy number | Price effective from | Koha item type |
|---|---|---|---|---|---|---|---|---|---|---|---|---|---|---|---|---|
| Dr. Suryya Kumar Bhuyan Library | Dr. Suryya Kumar Bhuyan Library | 01/02/2012 | 00000 | 492.7 Ba 111 Al | 960/cu | 14/01/2024 | 2 | 01/02/2012 | Books | |||||||
| Dr. Suryya Kumar Bhuyan Library | Dr. Suryya Kumar Bhuyan Library | 01/02/2012 | 00000 | 492.7 Ba 111 Al | 76,237 | 14/01/2024 | 3 | 01/02/2012 | Books | |||||||
| Dr. Suryya Kumar Bhuyan Library | Dr. Suryya Kumar Bhuyan Library | 01/02/2012 | 00000 | 4925.7 Ba 111 Al | 959/cu | 14/01/2024 | 1 | 01/02/2012 | Books |
